Most Referenced Wikipedia Articles Quiz Stats

 Plays Quiz not verified by Sporcle

Challenge
Share
Tweet
Embed
Score 0/50 Timer 10:00
0 Plays Today
Article Topic Article % Correct
CountryUnited States
98.1%
CountryUnited Kingdom
84.9%
CountryFrance
77.4%
US StateNew York
75.5%
CountryGermany
71.7%
CountryJapan
71.7%
CountryRussia
71.7%
CountryCanada
67.9%
War World War II
64.2%
CountryIndia
62.3%
SportAssociation football
60.4%
CountryAustralia
58.5%
CountryItaly
58.5%
CountrySpain
58.5%
CityLondon
54.7%
LanguageEnglish language
52.8%
CountryBrazil
50.9%
US StateCalifornia
49.1%
NewspaperThe New York Times
47.2%
Book IdentifierInternational Standard Book Number
45.3%
Online databaseInternet Movie Database
34%
CountryPoland
30.2%
CountrySweden
24.5%
Region of EarthTime zone
20.8%
List of states around the worldList of sovereign states
20.8%
Article Topic Article % Correct
Country part of another countryEngland
20.8%
CountryNetherlands
20.8%
Type of music releaseSingle (music)
20.8%
CityNew York City
18.9%
OrganismAnimal
17%
Time Offset from UTCUTC+01:00
17%
Time Offset from UTCUTC+02:00
15.1%
System of naming speciesBinomial nomenclature
11.3%
Online music guideAllMusic
11.3%
Life science and biomedical search enginePubMed
11.3%
Practice involving clocksDaylight saving time
7.5%
Human settlementVillage
7.5%
Coordinate system Geographic coordinate system
3.8%
Identification data items of the United States CensusRace and ethnicity in the United States Census
3.8%
Music conventional categoryMusic genre
3.8%
Organism categorization methodBiological classification
3.8%
Trademark associated with music marketingRecord label
3.8%
Individual who manages music recordingsRecord producer
3.8%
Character string used to identify electric documentsDigital object identifier
3.8%
Type of albumStudio album
3.8%
Ungoverned region of landUnincorporated area
3.8%
Administrative centerCounty seat
1.9%
OrganismArthropod
1.9%
US geographical and cultural databaseGeographic Names Information System
0%
Administrative division of PolandPowiat
0%

You're not logged in!

Compare scores with friends on all Sporcle quizzes.
Join for Free
OR
Log In

You Might Also Like...

Show Comments

Extras

Top Quizzes Today


Score Distribution

Your Account Isn't Verified!

In order to create a playlist on Sporcle, you need to verify the email address you used during registration. Go to your Sporcle Settings to finish the process.

Report this User

Report this user for behavior that violates our Community Guidelines.

Details: